000 00987nam a2200253 i 4500
001 bg
245 0 0 _aMultipolar patterns of urban development - polish perspective /
_cpod red. Tadeusza Markowskiego i Tadeusza Marszała.
260 _aWarszawa :
_bKPZK,
_c2002.
300 _a177 s. :
_bil. ;
_c20 cm.
490 1 _aBiuletyn / Polska Akademia Nauk. Komitet Przestrzennego Zagospodarowania Kraju,
_x0079-3493 ;
_vZ. 201
650 9 _aGospodarka terenowa
_zPolska
_yod 1989 r.
650 9 _aPlanowanie przestrzenne
_zPolska
_yod 1989 r.
650 9 _aMiasta
_xgospodarka
_zPolska
_yod 1989 r.
700 1 _aMARKOWSKI, Tadeusz.
_eRed.
700 1 _aMARSZAŁ, Tadeusz.
_eRed.
830 0 _aBiuletyn (Polska Akademia Nauk. Komitet Przestrzennego Zagospodarowania Kraju) ;
_vZ. 201
020 _a839157203X
040 _cBPK
041 0 _aenpl
080 _a332.1:711.4/.8:351(1-2)](438)"1989/..."
920 _a83-915720-3-X
942 _cKS
008 s pl f |000 0 pol
999 _c40957
_d40957
856 _uhttp://koha.tu.koszalin.pl/cgi-bin/koha/opac-detail.pl?biblionumber=40957
_yKatalog online BPK